000
00292nam a22001217a 4500
008
170621b xxu||||| |||| 00| 0 eng d
041
_a
eng
080
_2
4 ED
_a
94(7/8)
100
_a
18
101
_a
SHH
245
_a
T6AKING SIDES UNITED STATES HISTORY
_c
MADARAS.L
942
_2
udc
_c
BK
999
_c
18393
_d
18393